Sleep Time by Country Quiz - Statistics

General Stats
  • This quiz has been taken 25 times
  • The average score is 8 of 15
Answer Stats
Sleep (min) Answer % Correct
416 United Kingdom
75%
416 Canada
71%
422 Finland
71%
416 Sweden
71%
416 Russia
67%
414 Denmark
58%
420 Ireland
58%
418 Australia
50%
419 Estonia
46%
416 Belgium
42%
423 New Zealand
42%
420 Netherlands
38%
415 Austria
33%
414 South Africa
33%
415 Slovakia
17%
No matching quizzes found
Score Distribution
Percent of People with Each Score
Percentile by Number Answered
Your Score History
You have not taken this quiz